000 00337 a2200157 4500
001 190479
020 _a978-85-7984-106-4
040 _cMagnum
100 _aDias, Jonathan R.
240 1 0 _aAnjos ou demônios
_lpor
245 1 0 _aAnjos ou demônios
300 _a249
362 0 _a2011
697 _aLITERATURA JUVENIL
942 _cBK
999 _c190479
_d190479